Robust nonparametric statistical methods (Record no. 11563)

MARC details
000 -LEADER
fixed length control field 02251nam a2200385Ia 4500
001 - CONTROL NUMBER
control field CRC0KE10423PDF
003 - CONTROL NUMBER IDENTIFIER
control field BD-DhSAU
005 - DATE AND TIME OF LATEST TRANSACTION
control field 20151012144303.0
006 - FIXED-LENGTH DATA ELEMENTS--ADDITIONAL MATERIAL CHARACTERISTICS
fixed length control field m|||||o||d||||||||
007 - PHYSICAL DESCRIPTION FIXED FIELD--GENERAL INFORMATION
fixed length control field cr||||
008 - FIXED-LENGTH DATA ELEMENTS--GENERAL INFORMATION
fixed length control field 110413s2011 flua sb 001 0 eng d
020 ## - INTERNATIONAL STANDARD BOOK NUMBER
International Standard Book Number 9781439809099 (ebook : PDF)
040 ## - CATALOGING SOURCE
Original cataloging agency BD-DhSAU
Transcribing agency BD-DhSAU
090 ## - LOCALLY ASSIGNED LC-TYPE CALL NUMBER (OCLC); LOCAL CALL NUMBER (OCLC)
Classification number (OCLC) (R) ; Classification number, CALL (RLIN) (NR) QA278.8
Local cutter number (OCLC) ; Book number/undivided call number, CALL (RLIN) .H47 2011
092 ## - LOCALLY ASSIGNED DEWEY CALL NUMBER (OCLC)
Classification number 519.5
Item number H591
100 1# - MAIN ENTRY--PERSONAL NAME
Personal name Hettmansperger, Thomas P.,
Dates associated with a name 1939-
245 10 - TITLE STATEMENT
Title Robust nonparametric statistical methods
Medium [electronic resource] /
Statement of responsibility, etc. Thomas P. Hettmansperger, Joseph W. McKean.
250 ## - EDITION STATEMENT
Edition statement 2nd ed.
260 ## - PUBLICATION, DISTRIBUTION, ETC. (IMPRINT)
Place of publication, distribution, etc. Boca Raton, Fla. :
Name of publisher, distributor, etc. CRC Press,
Date of publication, distribution, etc. 2011.
300 ## - PHYSICAL DESCRIPTION
Extent xvii, 535 p. :
Other physical details ill.
490 1# - SERIES STATEMENT
Series statement Monographs on statistics and applied probability ;
Volume/sequential designation 113
520 ## - SUMMARY, ETC.
Summary, etc. "Often referred to as distribution-free methods, nonparametric methods do not rely on assumptions that the data are drawn from a given probability distribution. With an emphasis on Wilcoxon rank methods that enable a unified approach to data analysis, this book presents a unique overview of robust nonparametric statistical methods. Drawing on examples from various disciplines, the relevant R code for these examples, as well as numerous exercises for self-study, the text covers location models, regression models, designed experiments, and multivariate methods. This edition features a new chapter on cluster correlated data"--
Assigning source Provided by publisher.
504 ## - BIBLIOGRAPHY, ETC. NOTE
Bibliography, etc Includes bibliographical references (p. 495-520) and indexes.
505 0# - FORMATTED CONTENTS NOTE
Formatted contents note 1. One-sample problems -- 2. Two-sample problems -- 3. Linear models -- 4. Experimental designs : fixed effects -- 5. Models with dependent error structure -- 6. Multivariate.
500 ## - GENERAL NOTE
General note "A Chapman & Hall book."
530 ## - ADDITIONAL PHYSICAL FORM AVAILABLE NOTE
Additional physical form available note Also available in print edition.
538 ## - SYSTEM DETAILS NOTE
System details note Mode of access: World Wide Web.
650 #0 - SUBJECT ADDED ENTRY--TOPICAL TERM
Topical term or geographic name as entry element Nonparametric statistics.
650 #0 - SUBJECT ADDED ENTRY--TOPICAL TERM
Topical term or geographic name as entry element Robust statistics.
655 #7 - INDEX TERM--GENRE/FORM
Genre/form data or focus term Electronic books.
Source of term lcsh
700 1# - ADDED ENTRY--PERSONAL NAME
Personal name McKean, Joseph W.,
Dates associated with a name 1944-
776 1# - ADDITIONAL PHYSICAL FORM ENTRY
International Standard Book Number 9781439809082
830 #0 - SERIES ADDED ENTRY--UNIFORM TITLE
Uniform title Monographs on statistics and applied probability ;
Volume number/sequential designation 113.
856 40 - ELECTRONIC LOCATION AND ACCESS
Uniform Resource Identifier <a href="http://marc.crcnetbase.com/isbn/9781439809099">http://marc.crcnetbase.com/isbn/9781439809099</a>
Electronic format type application/PDF

No items available.